Stock Markets And Corporate Finance: A Primer (Record no. 43470)

MARC details
000 -LEADER
fixed length control field 00505nam a22001697a 4500
005 - DATE AND TIME OF LATEST TRANSACTION
control field 20250416171922.0
008 - FIXED-LENGTH DATA ELEMENTS--GENERAL INFORMATION
fixed length control field 250328b |||||||| |||| 00| 0 eng d
020 ## - INTERNATIONAL STANDARD BOOK NUMBER
International Standard Book Number 9781944660628
041 ## - LANGUAGE CODE
Language code of text/sound track or separate title eng
082 ## - DEWEY DECIMAL CLASSIFICATION NUMBER
Classification number 332.642 DEM
100 ## - MAIN ENTRY--PERSONAL NAME
Author Dempsey, Michael
245 ## - TITLE STATEMENT
Title Stock Markets And Corporate Finance: A Primer
260 ## - PUBLICATION, DISTRIBUTION, ETC.
Place London
Publisher World Scientific
Publication Year 2023
300 ## - PHYSICAL DESCRIPTION
Extent 350; pages : 24cm
650 ## - SUBJECT ADDED ENTRY--TOPICAL TERM
Subject Stock Exchanges; Stocks Prices; Corporations Finance; Corporations Valuation
942 ## - ADDED ENTRY ELEMENTS (KOHA)
Koha item type Books
Holdings
Withdrawn status Lost status Source of classification or shelving scheme Damaged status Not for loan Home library Current library Shelving location Accession Date Vendor Price Bill number Total Checkouts Full call number Barcode No Date last seen Date last checked out Discount Bill Date Koha item type Suggested By
    Dewey Decimal Classification     IMTN IMTN Rack 12-B 03/26/2025 Raghav Books Private Limited 1395.00 2374 1 332.642 DEM 33905 07/15/2025 07/03/2025 30 02/14/2025 Books Madhsvi Kumari (2024530)
Designed & Maintained by: LRC IMT Nagpur Contact: lrc@imtnag.ac.in© 2024. All Rights Reserved.